000 00496nam a22001097a 4500
082 _a001
100 _aSahu,Praveen
_981666
245 _aवस्‍तुनिष्‍ठ मध्‍यप्रदेश परीक्षाधााम राज्‍य सेवा एवं सभी प्रतियोगी परीक्षाओं हेतु
260 _aभोपाल
_bपरीक्षाधाम पब्लिकेशन
_c2023
650 _aGK
942 _cHIN
999 _c65820
_d65820